[Event "Druzynowe Mistrzostwa Polski - II liga"]
[Site "Sypniewo k. Jastrowia"]
[Date "1899-12-30"]
[Round "3.26"]
[White "Strzelecki, Jerzy"]
[Black "Rusiniak, Slawomir"]
[Result "0-1"]
[WhiteTitle "k"]
[BlackTitle "I++"]
[WhiteElo "1924"]
[BlackElo "2110"]

1. Nf3 g6 2. c4 Bg7 3. g3 Nf6 4. Bg2 O-O 5. O-O c6 6. Nc3 d5 7. cxd5 Nxd5 8. d4
Nxc3 9. bxc3 Be6 10. e4 Nd7 11. Qc2 Bc4 12. Rd1 Qa5 13. Bf4 Rfd8 14. Rd2 e5 15.
dxe5 Nxe5 16. Bxe5 Bxe5 17. Nxe5 Qxe5 18. Rad1 Rxd2 19. Rxd2 a5 20. Bf1 Bxf1 21.
Kxf1 a4 22. f4 Qe6 23. e5 Ra5 24. Rd4 a3 25. c4 b5 26. Qc3 Ra4 27. Ke2 Kg7 28.
Ke3 c5 29. Re4 b4 30. Qa1 Ra7 31. g4 Rd7 32. f5 gxf5 33. gxf5 Qh6+ 34. Rf4 Rd4
35. Qf1 Qxf4+ 36. Qxf4 Rxf4 37. Kxf4 b3 0-1

[Event "Druzynowe Mistrzostwa Polski - II liga"]
[Site "Sypniewo k. Jastrowia"]
[Date "1899-12-30"]
[Round "3.27"]
[White "Bartkowiak, Damian"]
[Black "Gradowski, Jacek"]
[Result "1/2-1/2"]
[WhiteTitle "k"]
[BlackTitle "I+"]
[WhiteElo "2099"]
[BlackElo "2058"]

1. d4 Nf6 2. c4 e6 3. g3 Bb4+ 4. Bd2 Qe7 5. Bg2 O-O 6. Nf3 Bxd2+ 7. Nbxd2 d6 8.
Nf1 e5 9. Ne3 c6 10. O-O Ng4 11. Qb3 e4 12. Nd2 Nxe3 13. Qxe3 d5 14. f3 f5 15.
fxe4 fxe4 16. Rxf8+ Kxf8 17. Rc1 Be6 18. cxd5 cxd5 19. Qf4+ Kg8 20. Qc7 Qxc7 21.
Rxc7 Nc6 22. Nb3 Nd8 23. Nc5 Bg4 24. e3 Rc8 25. Rxc8 Bxc8 26. Bf1 Kf7 27. Kf2
Ke7 28. Be2 g5 29. h4 h6 30. a3 Ne6 31. Nxe6 Bxe6 32. Ke1 b6 33. b4 Bd7 34. Kd2
Kf6 35. Ke1 Ke7 36. Kd2 Kf6 37. Ke1 1/2-1/2

[Event "Druzynowe Mistrzostwa Polski - II liga"]
[Site "Sypniewo k. Jastrowia"]
[Date "1899-12-30"]
[Round "3.28"]
[White "Flis, Pawel"]
[Black "Walkusz, Witoslaw"]
[Result "1/2-1/2"]
[WhiteTitle "k+"]
[BlackTitle "FM"]
[WhiteElo "1840"]
[BlackElo "2015"]

1. e4 d6 2. d4 Nf6 3. Nc3 g6 4. h3 Bg7 5. Be3 O-O 6. Qd2 e5 7. Nf3 exd4 8. Nxd4
d5 9. exd5 Nxd5 10. Nxd5 Qxd5 11. c4 Qe5 12. O-O-O Na6 13. Nf3 Qe7 14. Bh6 Be6
15. Bxg7 Kxg7 16. Be2 Rad8 17. Qc3+ Qf6 18. Qe3 Bf5 19. Rxd8 Rxd8 20. a3 b6 21.
Rd1 Rxd1+ 22. Bxd1 Nc5 23. Bc2 Bxc2 24. Kxc2 Qf5+ 25. Kd2 Ne4+ 26. Ke2 c5 27.
Nd2 Nd6 28. Qc3+ f6 29. Qe3 Kf7 30. Qh6 g5 31. Qh5+ Kg7 32. Qf3 Qe5+ 33. Qe3 Qxb2
34. Qe7+ Nf7 35. Qxa7 Kg6 36. Qb7 Qxa3 37. Qxb6 Ne5 38. Qd6 Qb4 39. Qd5 Kg7 40.
g3 h5 41. Qe6 Qb7 42. Qd6 1/2-1/2

[Event "Druzynowe Mistrzostwa Polski - II liga"]
[Site "Sypniewo k. Jastrowia"]
[Date "1899-12-30"]
[Round "3.29"]
[White "Chaczynski, Kamil"]
[Black "Kelm, Robert"]
[Result "1-0"]
[WhiteTitle "I++"]
[BlackTitle "I"]
[WhiteElo "2047"]
[BlackElo "1661"]

1. e4 c5 2. Nf3 e6 3. g3 d6 4. Bg2 Nc6 5. O-O Nf6 6. Qe2 Be7 7. c3 O-O 8. d4 e5
9. Rd1 Qc7 10. Na3 a6 11. h3 Rb8 12. Nc4 b5 13. dxe5 Nxe5 14. Ncxe5 dxe5 15. Nxe5
Qb6 16. Bf4 Rb7 17. a4 Nd7 18. axb5 axb5 19. Ng4 g5 20. Bd2 Qg6 21. b3 Bd8 22.
f4 Rb6 23. Ra7 Re8 24. Be3 h5 25. Raxd7 Bxd7 26. Ne5 Rxe5 27. fxe5 Rb7 28. Rd6
Qg7 29. Qd2 f6 30. e6 1-0

[Event "Druzynowe Mistrzostwa Polski - II liga"]
[Site "Sypniewo k. Jastrowia"]
[Date "1899-12-30"]
[Round "3.30"]
[White "Szmacinska, Grazyna"]
[Black "Filipska, Maja"]
[Result "1/2-1/2"]
[WhiteTitle "WIM"]
[BlackTitle "I++"]
[WhiteElo "2056"]
[BlackElo "1886"]

1. d4 Nf6 2. Nf3 g6 3. c4 Bg7 4. Nc3 d5 5. e3 O-O 6. Bd2 c5 7. cxd5 cxd4 8. exd4
Nxd5 9. Be2 Nc6 10. Be3 Qa5 11. Qd2 Bf5 12. O-O Rfd8 13. Rfd1 Rac8 14. Rac1 e6
15. h3 h5 16. Bh6 Bh8 17. Bg5 Rd7 18. Nxd5 Qxd2 19. Rxd2 Rxd5 20. Rc5 Be4 21.
Be3 Rcd8 22. Rxd5 Bxd5 23. b3 b6 24. Ne1 Be4 25. Bf3 Bxf3 26. Nxf3 Nb4 27. Kf1
Rc8 28. Ke2 Bg7 29. Ne1 Kf8 30. a3 Nd5 31. Rc2 Rxc2+ 32. Nxc2 Ke7 33. Kd3 Kd6
34. Bd2 Kc6 35. g4 hxg4 36. hxg4 a5 37. a4 Bf8 38. Kc4 Be7 39. Ne1 Bh4 40. Nd3
f6 41. f3 Bg3 42. b4 axb4 43. Nxb4+ Nxb4 44. Bxb4 f5 45. gxf5 gxf5 46. Be7 1/2-1/2

[Event "Druzynowe Mistrzostwa Polski - II liga"]
[Site "Sypniewo k. Jastrowia"]
[Date "1899-12-30"]
[Round "3.31"]
[White "Schmidt, Wlodzimierz"]
[Black "Piotrowski, Przemyslaw"]
[Result "1-0"]
[WhiteTitle "GM"]
[BlackTitle "FM"]
[WhiteElo "2196"]
[BlackElo "2256"]

1. d4 Nf6 2. c4 c5 3. d5 e6 4. Nc3 exd5 5. cxd5 d6 6. Nf3 g6 7. Nd2 Bg7 8. e4 O-O
9. Be2 Re8 10. O-O Na6 11. f3 Nc7 12. a4 b6 13. Kh1 Rb8 14. Nc4 Ba6 15. Bg5 Qd7
16. b3 h6 17. Bd2 Qe7 18. Bd3 Bxc4 19. bxc4 a5 20. Qe2 Na6 21. Rae1 Nb4 22. Bb1
Nh5 23. f4 Qh4 24. Qf3 Rb7 25. g3 Qh3 26. Nb5 Rd7 27. Qg2 Qxg2+ 28. Kxg2 Nf6 29.
Kf3 Nh7 30. Re2 Na6 31. Rfe1 Nc7 32. Nxc7 Rxc7 33. e5 Rce7 34. e6 Bf6 35. h4 Kg7
36. f5 h5 37. exf7 1-0

[Event "Druzynowe Mistrzostwa Polski - II liga"]
[Site "Sypniewo k. Jastrowia"]
[Date "1899-12-30"]
[Round "3.32"]
[White "Szczepaniak, Lukasz"]
[Black "Smagalski, Slawomir"]
[Result "1/2-1/2"]
[WhiteTitle "k++"]
[BlackTitle "I++"]
[WhiteElo "2202"]
[BlackElo "1939"]

1. e4 e5 2. Nf3 Nc6 3. Bc4 Bc5 4. c3 Nf6 5. d3 d6 6. Bb3 a6 7. Nbd2 O-O 8. Nf1
h6 9. Ng3 Be6 10. O-O Ba7 11. Qe2 Re8 12. Be3 Ne7 13. Nh4 Qd7 14. Bxa7 Rxa7 15.
f4 exf4 16. Rxf4 Ng6 17. Rxf6 Nxh4 18. Qf2 c5 19. Rf1 Bxb3 20. axb3 b6 21. Nh5
Ng6 22. Qg3 Re6 23. R6f5 Qd8 24. Nf4 Nxf4 25. Qxf4 Qe7 26. h3 Re5 27. Qg3 Rxf5
28. Rxf5 Rd7 29. Rd5 Qe6 30. Qf4 f6 31. Qh4 a5 32. Qh5 Kf8 33. Qg6 Qf7 34. Qf5
Ke7 35. b4 axb4 36. cxb4 Qe6 37. Qf4 cxb4 38. Qf2 Rb7 39. Qd4 Qc8 40. Kh2 Qc1
41. Qf2 Rd7 42. Rb5 d5 43. exd5 Qc7+ 44. Qg3 Qxg3+ 45. Kxg3 Kd6 46. d4 Rc7 47.
Rxb6+ Kxd5 48. Rxb4 Ke4 49. h4 Rd7 50. Kg4 g6 51. Kg3 h5 52. Rb6 Kf5 53. Rb5+
Ke4 54. d5 Ke5 55. Kf3 Rc7 56. Rb6 Rc4 57. g3 Rd4 58. d6 g5 59. Rb5+ Kxd6 60.
hxg5 fxg5 61. Rxg5 Rb4 62. Rxh5 Rxb2 63. Rf5 Ke6 64. g4 Rb1 65. Kg3 Rh1 66. Rf8
Ke7 67. Rf4 Rh7 68. Ra4 Kf6 69. Kf4 Rf7 70. Ra6+ Kg7+ 71. Kg5 Rb7 72. Rg6+ Kh7
73. Re6 Kg7 74. Kf5 Rb5+ 75. Re5 Rxe5+ 76. Kxe5 Kg6 77. g5 Kxg5 78. Ke4 1/2-1/2

[Event "Druzynowe Mistrzostwa Polski - II liga"]
[Site "Sypniewo k. Jastrowia"]
[Date "1899-12-30"]
[Round "3.33"]
[White "Swiatnicki, Andrzej"]
[Black "Dzikowski, Michal"]
[Result "1-0"]
[WhiteTitle "k"]
[BlackTitle "k"]
[WhiteElo "1976"]
[BlackElo "2120"]

1. e4 c6 2. d4 d5 3. exd5 cxd5 4. Bd3 Nc6 5. c3 Qc7 6. h3 Nf6 7. Nf3 g6 8. O-O
Bg7 9. Re1 Bf5 10. Bxf5 gxf5 11. Bg5 e6 12. Nbd2 O-O 13. Bxf6 Bxf6 14. Nb3 Kh8
15. Qd2 Rg8 16. Kh1 Rg7 17. Re2 Rag8 18. Rg1 Be7 19. Nc1 Na5 20. Nd3 Nc4 21. Qc1
Nd6 22. Nf4 Bg5 23. Nxg5 Rxg5 24. f3 Qd8 25. Qe1 R5g7 26. Nh5 Rg6 27. Nf4 Rh6
28. Rc2 Nc4 29. b3 Qg5 30. bxc4 Qxf4 31. Qe5+ Qxe5 32. dxe5 dxc4 33. Rd1 f6 34.
Rd7 fxe5 35. Rxb7 Rh4 36. Rd2 e4 37. Rd4 Rc8 38. fxe4 Rxe4 39. Rdd7 Rh4 40. Rxa7
e5 41. Kg1 Re8 42. a4 e4 43. Kf2 f4 44. Re7 e3+ 45. Kf1 Rb8 46. a5 Rb1+ 47. Ke2
Rb2+ 48. Kd1 Rxg2 49. Ra8+ Rg8 50. Rxg8+ Kxg8 51. a6 Rh6 52. a7 Rd6+ 53. Ke2 Rd2+
54. Kf3 Rd8 55. Rb7 1-0

[Event "Druzynowe Mistrzostwa Polski - II liga"]
[Site "Sypniewo k. Jastrowia"]
[Date "1899-12-30"]
[Round "3.34"]
[White "Suliborski, Jakub"]
[Black "Smagalski, Jaroslaw"]
[Result "0-1"]
[WhiteTitle "k"]
[BlackTitle "I"]
[WhiteElo "2159"]
[BlackElo "1850"]

1. e4 Nc6 2. Nc3 d6 3. d4 g6 4. Be3 Bg7 5. Qd2 a6 6. a4 e5 7. d5 Nce7 8. f3 f5
9. Be2 Bd7 10. a5 Nf6 11. g3 Nc8 12. Ra3 Ne7 13. h3 Neg8 14. Rb3 Bc8 15. exf5
gxf5 16. g4 Ne7 17. f4 exf4 18. Bd4 O-O 19. Bf3 Ng6 20. g5 Re8+ 21. Nce2 Ne4 22.
Bxe4 Bxd4 23. Nxd4 Rxe4+ 24. Kd1 Qxg5 25. Ngf3 Qf6 26. h4 Ne5 27. Ng5 Re3 28.
Rxe3 fxe3 29. Qxe3 Bd7 30. Rg1 Kh8 31. Qf4 Rg8 32. Rf1 Ng6 33. Qd2 Nxh4 34. Nh3
c5 35. dxc6 bxc6 36. Nf4 c5 37. Nde2 Bb5 38. Rh1 Nf3 39. Qd5 Nd4 40. Nc3 Bc6 0-1

[Event "Druzynowe Mistrzostwa Polski - II liga"]
[Site "Sypniewo k. Jastrowia"]
[Date "1899-12-30"]
[Round "3.35"]
[White "Walaszczyk, Witold"]
[Black "Stelmaszuk, Maciej"]
[Result "0-1"]
[WhiteTitle "k"]
[BlackTitle "I+"]
[WhiteElo "2019"]
[BlackElo "2004"]

1. d4 Nf6 2. g3 d5 3. Bg2 c6 4. Nf3 Bf5 5. O-O h6 6. c4 e6 7. Nc3 Be7 8. Nd2 O-O
9. e4 dxe4 10. Ndxe4 Nxe4 11. Nxe4 Nd7 12. Nc3 Nb6 13. d5 Nxc4 14. dxc6 bxc6 15.
Qa4 Nb6 16. Qxc6 Rc8 17. Qf3 Nc4 18. Rd1 Qa5 19. Nd5 Bc5 20. Ne3 Bxe3 21. Bxe3
Nxe3 22. Qxe3 Rc2 23. Rd7 a6 24. Rb7 Rd8 25. b4 Rxa2 26. Rf1 Qa4 27. Be4 Bh3 28.
Qf3 Rf8 29. Rb1 Ra1 30. g4 Rxb1+ 31. Bxb1 Qa1 32. Qd3 g6 33. f3 Qb2 34. Bc2 Qc1+
35. Kf2 Qh1 36. Qc3 Qxh2+ 37. Ke3 Qg1+ 38. Kf4 Qh2+ 39. Ke3 e5 40. Bxg6 Qf4+ 41.
Kf2 fxg6 42. Qd3 Qh2+ 43. Ke1 Qg1+ 44. Kd2 Qf2+ 45. Kc1 Qf1+ 0-1

[Event "Druzynowe Mistrzostwa Polski - II liga"]
[Site "Sypniewo k. Jastrowia"]
[Date "1899-12-30"]
[Round "3.36"]
[White "Owczarek, Monika"]
[Black "Bukowska, Katarzyna"]
[Result "0-1"]
[WhiteTitle "I"]
[BlackTitle "k++"]
[WhiteElo "1514"]
[BlackElo "1844"]

1. c4 e6 2. Nc3 d5 3. cxd5 exd5 4. g3 Nf6 5. Bg2 Be7 6. Nf3 O-O 7. O-O d4 8. Nb5
c5 9. d3 a6 10. Na3 Nc6 11. Nc4 Nd5 12. Nce5 Nxe5 13. Nxe5 Bf6 14. Nf3 Re8 15.
Re1 Be6 16. a3 Rc8 17. Bd2 h6 18. b4 c4 19. dxc4 Rxc4 20. Rc1 Nc3 21. Bxc3 Rxc3
22. Nd2 Bd5 23. Nb1 Rxc1 24. Qxc1 Bxg2 25. Kxg2 Qd7 26. Qd2 Qc6+ 27. Kg1 Rc8 28.
Rd1 Qc2 29. h4 Qxd2 30. Nxd2 Rc2 31. Nf3 Rxe2 32. Nxd4 Ra2 33. Nf5 Rxa3 34. Nd6
b5 35. Ne4 Be7 36. Rb1 f5 37. Nc5 Kf7 38. Re1 Bxc5 39. bxc5 a5 40. Rc1 Ke7 41.
c6 Kd8 42. c7+ Kc8 43. Rc5 b4 44. Kf1 Ra2 45. Ke1 b3 46. Kd1 Rxf2 47. Rxa5 b2
48. Rb5 Kxc7 49. h5 Kc6 0-1

[Event "Druzynowe Mistrzostwa Polski - II liga"]
[Site "Sypniewo k. Jastrowia"]
[Date "1899-12-30"]
[Round "3.37"]
[White "Mickiewicz, Piotr"]
[Black "Stysiak, Szymon"]
[Result "1-0"]
[WhiteTitle "m"]
[BlackTitle "k"]
[WhiteElo "2308"]
[BlackElo "2193"]

1. e4 e6 2. d4 d5 3. Nd2 Nf6 4. e5 Nfd7 5. c3 c5 6. Bd3 Nc6 7. Ndf3 cxd4 8. cxd4
f6 9. exf6 Bb4+ 10. Bd2 Qxf6 11. Bxb4 Nxb4 12. Ne2 O-O 13. O-O e5 14. dxe5 Nxe5
15. Nxe5 Qxe5 16. Nd4 Kh8 17. Bb5 Qd6 18. Qd2 Nc6 19. Rac1 Ne5 20. Be2 Bd7 21.
Rfd1 Rf6 22. g3 Rd8 23. b3 a6 24. Rc3 Qb6 25. Re3 Ng4 26. Bxg4 Bxg4 27. Rde1 Bh5
28. Re6 Rxe6 29. Rxe6 Qc5 30. Qg5 Rf8 31. Qxh5 Qxd4 32. Qf7 Rxf7 33. Re8+ Rf8
34. Rxf8# 1-0

[Event "Druzynowe Mistrzostwa Polski - II liga"]
[Site "Sypniewo k. Jastrowia"]
[Date "1899-12-30"]
[Round "3.38"]
[White "Stanisz, Patryk"]
[Black "Mazurkiewicz, Michal"]
[Result "1-0"]
[WhiteTitle "k"]
[BlackTitle "CM"]
[WhiteElo "2138"]
[BlackElo "2193"]

1. d4 d6 2. Nf3 Nf6 3. g3 g6 4. Bg2 Bg7 5. b3 O-O 6. Bb2 c6 7. O-O Nbd7 8. Nbd2
Qc7 9. a4 d5 10. a5 h6 11. c4 g5 12. Qc2 Ne8 13. Rfc1 dxc4 14. Nxc4 Nd6 15. Nce5
Nb5 16. Nd3 g4 17. Nh4 e6 18. d5 exd5 19. Bxg7 Kxg7 20. Nf5+ Kh8 21. Qd2 1-0

[Event "Druzynowe Mistrzostwa Polski - II liga"]
[Site "Sypniewo k. Jastrowia"]
[Date "1899-12-30"]
[Round "3.39"]
[White "Maciaga, Marcin"]
[Black "Kaminski, Piotr"]
[Result "1-0"]
[WhiteTitle "k+"]
[BlackTitle "k"]
[WhiteElo "2116"]
[BlackElo "2109"]

1. g3 d5 2. d4 Nf6 3. c4 c6 4. Nf3 e6 5. Bg2 Bd6 6. Nfd2 h5 7. Nc3 h4 8. e4 dxe4
9. Ndxe4 Bb4 10. O-O Nbd7 11. Bg5 hxg3 12. fxg3 Be7 13. Qd2 Nxe4 14. Nxe4 f6 15.
Be3 Nb6 16. Qc2 f5 17. Nd2 Bf6 18. Nf3 Qe7 19. Ne5 Bxe5 20. dxe5 g5 21. Rad1 Bd7
22. Rd6 Nc8 23. Rd3 Rh7 24. Rfd1 Qd8 25. g4 Qa5 26. c5 Qc7 27. Qc3 f4 28. Bf2
Kf8 29. Be4 Rg7 30. Rh3 Ne7 31. Rh8+ Ng8 32. Rd6 Re8 33. Qd3 Ree7 34. Kf1 Qa5
35. a3 Be8 36. b4 Qc7 37. h4 gxh4 38. Bxh4 Rd7 39. Bf6 Rxg4 40. Qh3 Rdg7 41. Bh7
Rg1+ 42. Kf2 R7g3 43. Qh6+ Kf7 44. Bxg8+ Rxg8 45. Rh7+ 1-0

[Event "Druzynowe Mistrzostwa Polski - II liga"]
[Site "Sypniewo k. Jastrowia"]
[Date "1899-12-30"]
[Round "3.40"]
[White "Szmyd, Arkadiusz"]
[Black "Krasiewicz, Robert"]
[Result "0-1"]
[WhiteTitle "k"]
[BlackTitle "k+"]
[WhiteElo "2083"]
[BlackElo "2050"]

1. e4 e6 2. d4 d5 3. Nc3 dxe4 4. Nxe4 Nd7 5. Nf3 Ngf6 6. Bd3 b6 7. O-O Bb7 8. Qe2
Be7 9. Bf4 O-O 10. Rad1 Qc8 11. Neg5 Re8 12. Ne5 Rf8 13. c4 h6 14. Ngf3 c5 15.
Nxd7 Nxd7 16. d5 Nf6 17. d6 Bd8 18. Ne5 Nd7 19. Bb1 Nxe5 20. Bxe5 Qd7 21. Qd3
f5 22. Rfe1 Bf6 23. f4 Rad8 24. h3 Bxe5 25. fxe5 Rf7 26. Kh2 h5 27. Qg3 g5 28.
Rd2 Rg7 29. Qa3 Bc6 30. Rf2 g4 31. Rf4 gxh3 32. g3 Bg2 33. Qe3 Qe8 34. a3 Qg6
35. Rh4 Kf7 36. Qf2 Rdg8 37. Re3 Ke8 38. Bc2 Qf7 39. Bd1 Rg4 40. Bxg4 Rxg4 41.
Rxg4 hxg4 42. b4 Ba8 43. bxc5 Qb7 44. Re1 bxc5 45. Qc2 Qf3 46. Rb1 Bc6 47. Rd1
Kd7 48. Re1 Qxa3 49. Qf2 Qc3 50. Qe2 a5 51. Rb1 a4 52. Rb6 Qa1 53. Rxc6 Kxc6 54.
d7 Kxd7 55. Qd1+ Qd4 56. Qxa4+ Ke7 57. Qa7+ Kf8 0-1

[Event "Druzynowe Mistrzostwa Polski - II liga"]
[Site "Sypniewo k. Jastrowia"]
[Date "1899-12-30"]
[Round "3.41"]
[White "Bugajski, Robert"]
[Black "Boruta, Dawid"]
[Result "0-1"]
[WhiteTitle "FM"]
[BlackTitle "I"]
[WhiteElo "2047"]
[BlackElo "1880"]

1. c4 c5 2. Nf3 Nc6 3. Nc3 g6 4. g3 Bg7 5. Bg2 d6 6. O-O Qd7 7. e3 b6 8. d4 Bb7
9. b3 Nh6 10. Bb2 O-O 11. d5 Ne5 12. Nxe5 Bxe5 13. Qe2 Bg7 14. Rae1 a6 15. a4
Rfb8 16. Qc2 Bc8 17. Ra1 Qc7 18. Ra2 Bd7 19. Rfa1 Ra7 20. Nd1 Bxb2 21. Nxb2 Nf5
22. Nd1 Rab7 23. Nc3 b5 24. axb5 axb5 25. Bf1 bxc4 26. Bxc4 Qb6 27. Qd3 Kg7 28.
f4 h5 29. Kf2 Qd8 30. Ra3 Qb6 31. R1a2 Qd8 32. Ra1 Qb6 33. Ra6 Qd8 34. R1a3 Qc7
35. h3 Qd8 36. R6a5 Qe8 37. Ra2 Rb6 38. R5a3 R6b7 39. Kg2 Qd8 40. Kf2 Qe8 41.
Kg2 Qd8 42. Ne2 Bb5 43. e4 Bxc4 44. bxc4 Nh6 45. Qc3+ Kh7 46. Ng1 Qh8 47. e5 Nf5
48. Nf3 Qg7 49. Re2 Kg8 50. g4 hxg4 51. hxg4 Nh6 52. Kg3 Rb1 53. Qe3 Qh8 54. Rh2
Qg7 55. Re2 Qh8 56. Qe4 Nxg4 57. Qxb1 Rxb1 58. Ra8+ Kg7 59. Rxh8 Kxh8 60. Kxg4
Rc1 61. Re4 Kg7 62. f5 dxe5 63. fxg6 f6 64. Nh4 Rf1 0-1

[Event "Druzynowe Mistrzostwa Polski - II liga"]
[Site "Sypniewo k. Jastrowia"]
[Date "1899-12-30"]
[Round "3.42"]
[White "Gonsior, Monika"]
[Black "Andrzejewska, Anna"]
[Result "1-0"]
[WhiteTitle "m"]
[BlackTitle "WCM"]
[WhiteElo "1971"]
[BlackElo "1933"]

1. e4 e5 2. Nc3 Nf6 3. f4 d5 4. fxe5 Nxe4 5. Nf3 Nc6 6. d3 Nxc3 7. bxc3 d4 8. cxd4
Bb4+ 9. Kf2 Nxd4 10. Bg5 Qd7 11. Rb1 Bc3 12. Bd2 Bxd2 13. Qxd2 Nxf3 14. gxf3 Qd4+
15. Kg2 O-O 16. Re1 Bf5 17. Qg5 Bg6 18. h4 f6 19. Qg3 Bh5 20. e6 Qc5 21. c4 Rfe8
22. Kh2 Qf5 23. Re3 Re7 24. Bh3 Qa5 25. Re2 Rd8 26. Rd1 Rd4 27. Qf2 Qc5 28. Qg3
Qc6 29. Re3 Qa4 30. Rd2 Qb4 31. Qf2 Rxh4 32. Rb2 Qd6+ 33. Kg2 g5 34. Rxb7 Kg7
35. Rb5 Rf4 36. Rd5 Qb4 37. Rb5 Qd6 38. Qb2 Be8 39. Rxg5+ Kh6 40. Rd5 Rg7+ 41.
Bg4 Rfxg4+ 42. fxg4 Rxg4+ 43. Kf1 Qf4+ 44. Qf2 Rh4 45. Qxf4+ Rxf4+ 46. Kg2 Bc6
47. e7 Rg4+ 48. Rg3 1-0

[Event "Druzynowe Mistrzostwa Polski - II liga"]
[Site "Sypniewo k. Jastrowia"]
[Date "1899-12-30"]
[Round "3.43"]
[White "Bilczewski, Kacper"]
[Black "Karpus, Michal"]
[Result "1/2-1/2"]
[WhiteTitle "k+"]
[BlackTitle "FM"]
[WhiteElo "2112"]
[BlackElo "2179"]

1. e4 e5 2. Nf3 Nc6 3. Bc4 Bc5 4. c3 Nf6 5. d3 a6 6. Bb3 d6 7. O-O Ba7 8. Nbd2
h6 9. Nc4 O-O 10. Ne3 Ne7 11. Nh4 Be6 12. Qf3 Qd7 13. Nhf5 Nxf5 14. Nxf5 Bxf5
15. exf5 d5 16. Qg3 Qxf5 17. Bxh6 Ng4 18. Bd2 c6 19. Bc2 Rae8 20. h3 Nf6 21. Qg5
Qd7 22. Rae1 Nh7 23. Qh5 f5 24. Be3 Bb8 25. Bc1 f4 26. d4 e4 27. f3 Nf6 28. Qg6
e3 29. b3 Qf7 1/2-1/2

[Event "Druzynowe Mistrzostwa Polski - II liga"]
[Site "Sypniewo k. Jastrowia"]
[Date "1899-12-30"]
[Round "3.44"]
[White "Kukula, Pawel"]
[Black "Panek, Bartosz"]
[Result "1/2-1/2"]
[WhiteTitle "m"]
[BlackTitle "I++"]
[WhiteElo "2121"]
[BlackElo "2082"]

1. d4 Nf6 2. c4 g6 3. Nc3 d5 4. e3 Bg7 5. Qb3 e6 6. Nf3 O-O 7. Be2 b6 8. O-O Bb7
9. Bd2 dxc4 10. Bxc4 Nbd7 11. Be2 c5 12. Rfd1 cxd4 13. exd4 Nd5 14. Bg5 N7f6 15.
Ne5 Nxc3 16. bxc3 Qd5 17. Qxd5 Nxd5 18. Bd2 Rac8 19. c4 Nf6 20. a4 Rfd8 21. Be3
Ne4 22. Rdc1 Nd6 23. a5 Nf5 24. axb6 axb6 25. Ra7 Nxd4 26. Bxd4 Rxd4 27. Rxb7
Bxe5 28. Rxb6 Rd2 29. Kf1 Ra8 30. Rd1 Rxd1+ 31. Bxd1 Ra1 1/2-1/2

[Event "Druzynowe Mistrzostwa Polski - II liga"]
[Site "Sypniewo k. Jastrowia"]
[Date "1899-12-30"]
[Round "3.45"]
[White "Radecki, Adam"]
[Black "Pacuszka, Tomasz"]
[Result "1/2-1/2"]
[WhiteTitle "I+"]
[BlackTitle "FM"]
[WhiteElo "2028"]
[BlackElo "2186"]

1. e4 c6 2. d3 d5 3. Nd2 e5 4. g3 Nf6 5. Bg2 Bg4 6. Ngf3 dxe4 7. dxe4 Nbd7 8. O-O
Qc7 9. c3 h6 10. Qc2 Be7 11. Re1 a5 12. Nc4 Be6 13. Ne3 g6 14. Bf1 Nb6 15. a4
O-O 16. Ng2 Kg7 17. b3 Nfd7 18. Be3 Bc5 19. Rad1 Rad8 20. Nd2 Bxe3 21. Nxe3 Nf6
22. Ndc4 Nxc4 23. Bxc4 Bg4 24. Rxd8 Rxd8 25. Kg2 Qe7 26. f3 Bc8 27. Rd1 Rxd1 28.
Qxd1 Qc5 29. Qd2 b5 30. b4 axb4 31. cxb4 Qd4 32. Qxd4 exd4 33. axb5 cxb5 34. Bxb5
dxe3 35. Kf1 Bb7 36. Ke2 g5 37. g4 h5 38. h3 hxg4 39. hxg4 Kf8 40. Kxe3 Ke7 41.
Kd4 Nd7 42. Bxd7 Kxd7 43. Ke5 Ke7 44. Kf5 f6 45. e5 Bc8+ 46. Ke4 1/2-1/2

[Event "Druzynowe Mistrzostwa Polski - II liga"]
[Site "Sypniewo k. Jastrowia"]
[Date "1899-12-30"]
[Round "3.46"]
[White "Krainski, Slawomir"]
[Black "Samborski, Henryk"]
[Result "1/2-1/2"]
[WhiteTitle "k"]
[BlackTitle "k"]
[WhiteElo "2082"]
[BlackElo "2052"]

1. d4 Nf6 2. c4 g6 3. Nc3 Bg7 4. e4 d6 5. Be2 O-O 6. Nf3 e5 7. d5 Nbd7 8. Bg5 h6
9. Bh4 Re8 10. Nd2 a5 11. g4 Nc5 12. f3 c6 13. Bf2 Bd7 14. h4 cxd5 15. cxd5 a4
16. Nc4 Bf8 17. Na3 Qa5 18. Qd2 Rec8 19. Be3 Kh7 20. h5 g5 21. Ncb5 Be7 22. Qxa5
1/2-1/2

[Event "Druzynowe Mistrzostwa Polski - II liga"]
[Site "Sypniewo k. Jastrowia"]
[Date "1899-12-30"]
[Round "3.47"]
[White "Lamza, Zenon"]
[Black "Krainski, Aleksander"]
[Result "1/2-1/2"]
[WhiteTitle "k"]
[BlackTitle "FM"]
[WhiteElo "2178"]
[BlackElo "2037"]

1. d4 d5 2. Nf3 e6 3. e3 Nf6 4. Bd3 Be7 5. O-O b6 6. b3 Bb7 7. Bb2 O-O 8. Nbd2
c5 9. Ne5 Nbd7 10. Qf3 Rc8 11. Qh3 cxd4 12. exd4 h6 13. Rad1 Qc7 14. Rfe1 Nxe5
15. dxe5 Ne4 16. Bxe4 1/2-1/2

[Event "Druzynowe Mistrzostwa Polski - II liga"]
[Site "Sypniewo k. Jastrowia"]
[Date "1899-12-30"]
[Round "3.48"]
[White "Cieslak, Wiktoria"]
[Black "Bugaj, Hanna"]
[Result "1-0"]
[WhiteTitle "k++"]
[BlackTitle "I++"]
[WhiteElo "1915"]
[BlackElo "1755"]

1. e4 c5 2. Nf3 Nc6 3. d4 cxd4 4. Nxd4 Nf6 5. Nc3 e5 6. Ndb5 d6 7. a4 a6 8. Na3
Be7 9. Bg5 Be6 10. Bxf6 Bxf6 11. Bc4 O-O 12. O-O Be7 13. Nd5 Kh8 14. c3 f5 15.
exf5 Bxf5 16. Nc2 Bg5 17. Nce3 Bxe3 18. Nxe3 Bg6 19. Qd2 Qf6 20. Rad1 Rad8 21.
b4 e4 22. f4 Bf7 23. Bd5 Bxd5 24. Nxd5 Qe6 25. Qe3 Rf7 26. Rfe1 Re8 27. b5 axb5
28. axb5 Nb8 29. Rd4 Ref8 30. Qxe4 Qd7 31. c4 Qc8 32. Qe6 Qd8 33. Rde4 h6 34.
Ne7 Kh7 35. Ng6 Rf6 36. Nxf8+ Rxf8 37. f5 Rf6 38. Qe8 Qxe8 39. Rxe8 Nd7 40. g4
Ne5 41. Re4 Rf7 42. Rd8 Rc7 43. Rxd6 Nxc4 44. Rd8 1-0

[Event "Druzynowe Mistrzostwa Polski - II liga"]
[Site "Sypniewo k. Jastrowia"]
[Date "1899-12-30"]
[Round "3.49"]
[White "Osinski, Emil"]
[Black "Klepek, Witold"]
[Result "1/2-1/2"]
[WhiteTitle "k"]
[BlackTitle "k++"]
[WhiteElo "2171"]
[BlackElo "2103"]

1. e4 e6 2. d4 d5 3. Nd2 c5 4. Ngf3 cxd4 5. exd5 Qxd5 6. Bc4 Qd6 7. O-O Nf6 8.
Nb3 Nc6 9. Nbxd4 Nxd4 10. Nxd4 a6 11. c3 Qc7 12. Qe2 Bd6 13. h3 O-O 14. Bg5 Ne4
15. Be3 b5 16. Bb3 Nc5 17. Bc2 Bb7 18. Rad1 Rae8 19. Nb3 Bd5 20. Rfe1 Na4 21.
Bb1 f5 22. f3 Bg3 23. Bf2 Bf4 24. Qc2 g6 25. Nc1 Nb6 26. Nd3 Bh2+ 27. Kh1 Bd6
28. Qe2 Nc4 29. b3 Na3 30. Bd4 Nxb1 31. Rxb1 Bg3 32. Be5 Bxe5 33. Qxe5 Rc8 34.
Rbc1 Rfd8 35. Re3 Qxe5 36. Nxe5 Bb7 37. c4 Rd2 38. c5 Bd5 39. a3 a5 40. b4 axb4
41. axb4 Rb2 42. c6 Rxb4 43. Rc5 Rc7 44. Ra3 Ra4 45. Rxa4 bxa4 46. Ra5 Bxc6 47.
Nxc6 Rxc6 48. Rxa4 Rc7 49. f4 Kf7 50. Kh2 Kf6 51. h4 h6 52. Ra6 Rc4 53. g3 Rc2+
54. Kg1 Re2 55. Kf1 Re4 56. Kf2 g5 57. hxg5+ hxg5 58. Kf3 g4+ 59. Kf2 Rc4 60.
Rb6 Ke7 61. Ra6 Rc2+ 62. Kf1 Kd7 63. Rb6 Rc6 64. Rxc6 Kxc6 65. Ke1 Kd5 66. Kd1
Kc5 67. Kc1 e5 68. fxe5 f4 69. e6 Kd6 70. e7 Kxe7 71. Kd2 fxg3 72. Ke2 Kf6 73.
Kf1 Kf5 74. Kg1 Ke4 75. Kg2 Kf4 76. Kg1 Kf3 77. Kf1 Ke3 78. Kg2 Kf4 79. Kg1 Kg5
80. Kh1 Kf5 81. Kg1 Ke4 82. Kg2 Kf4 83. Kg1 Kf3 1/2-1/2

[Event "Druzynowe Mistrzostwa Polski - II liga"]
[Site "Sypniewo k. Jastrowia"]
[Date "1899-12-30"]
[Round "3.50"]
[White "Gola, Karol"]
[Black "Bes, Michal"]
[Result "1-0"]
[WhiteTitle "k"]
[BlackTitle "k"]
[WhiteElo "2174"]
[BlackElo "2130"]

1. e4 e5 2. Nf3 Nf6 3. Nc3 Nc6 4. d4 exd4 5. Nxd4 Bb4 6. Nxc6 bxc6 7. Bd3 d5 8.
exd5 Qe7+ 9. Qe2 Qxe2+ 10. Kxe2 cxd5 11. Bd2 c6 12. Rhe1 O-O 13. Kf1 Bd7 14. h3
Rfe8 15. Rxe8+ Rxe8 16. Re1 g6 17. a3 Rxe1+ 18. Kxe1 Bd6 19. Be3 Bb8 20. b4 Bc8
21. Ne2 Nd7 22. Nd4 Bb7 23. Nb3 f5 24. Na5 Ba8 25. Ba6 Kf7 26. Nb7 f4 27. Bd4
Nf8 28. Nc5 Ne6 29. Nxe6 Kxe6 30. Bc8+ Kd6 31. Ba6 Kc7 32. Ke2 Bb7 33. Be5+ Kb6
34. Bxb8 Bxa6+ 35. Kf3 Bf1 36. Bxf4 a5 37. Be3+ Kb5 38. bxa5 Kxa5 39. h4 Kb5 40.
g4 c5 41. Kf4 d4 42. Bd2 c4 43. Ke4 c3 44. Bf4 Kc4 45. Be5 Bg2+ 46. f3 d3 47.
cxd3+ Kb3 48. d4 c2 49. Bf4 Kxa3 50. d5 h5 51. d6 hxg4 52. d7 gxf3 53. Bc1+ Ka2
54. Ke3 Kb1 55. Bd2 1-0